Normal view
MARC view
- Chopin, Kate,
Entry Personal Name
001 - CONTROL NUMBER
- control field: 153629
003 - CONTROL NUMBER IDENTIFIER
- control field: DLC
005 - DATE AND TIME OF LATEST TRANSACTION
- control field: 20260414090605.0
008 - FIXED-LENGTH DATA ELEMENTS
- fixed length control field: 120307n| azannaabn |n aaa
010 ## - LIBRARY OF CONGRESS CONTROL NUMBER
- LC control number: n 2012015669
040 ## - CATALOGING SOURCE
- Original cataloging agency: DLC
- Language of cataloging: eng
- Transcribing agency: DLC
- Description conventions: rda
- Modifying agency: DLC
100 1# - HEADING--PERSONAL NAME
- Personal name: Chopin, Kate,
- Dates associated with a name: 1850-1904.
- Title of a work: Awakening
670 ## - SOURCE DATA FOUND
- Source citation: Schocker, G. Far from the madding crowd [SR] p1999:
- Information found: label (The awakening) container (based on the novella by Kate Chopin)



